| 000 | 00501cam a2200181 a 4500 | ||
|---|---|---|---|
| 020 | _a0023728108 | ||
| 040 | _cDLC | ||
| 082 | 0 | 0 | _a304 COL 1984 A021 Or. |
| 100 | 1 | _aLuoma, Samuel N. | |
| 245 | 1 | 0 | _aIntroduction to environmental issues / |
| 260 |
_aNew York : _bMacmillan : _aLondon : _bCollier Macmillan, _cc1984. |
||
| 300 |
_axii, 548 p. : _bill. ; _c25 cm. |
||
| 500 | _aIncludes index. | ||
| 650 | 0 | _aHuman ecology. | |
| 650 | 0 | _aEnvironmental policy. | |
| 650 | 0 | _aHuman beings | |
| 942 | _cEK | ||
| 999 |
_c12573 _d12573 |
||